| 000 | 01459nam0a22003131 4500 | ||
|---|---|---|---|
| 001 | rc\2777595 | ||
| 005 | 20250806205124.0 | ||
| 035 | _a(NLR Aleph) 006903854 | ||
| 090 |
_a54126 _c54126 |
||
| 100 | _a20110915d1942 u y0rusy50 ca | ||
| 101 | 0 | _arus | |
| 102 | _aRU | ||
| 105 | _aa z ||||| | ||
| 200 | 1 |
_aАнаэробная инфекция ран, ее профилактика и лечение _fПроф. М. С. Астров _gПод общ. ред.: доц. Б. И. Берлинера (отв. редактор), проф. Л. Я. Шаргородского (зам. отв. редактора), засл. деят. науки проф. М. И. Слонима [и др.] |
|
| 210 |
_aТашкент _cТашМИ _d1942 |
||
| 215 |
_a17, [2] с. _cил. _d21 см. |
||
| 225 | 1 |
_aВ помощь военному врачу _fНаркомздрав УзССР. Ташкентск. мед. ин-т им. В. М. Молотова |
|
| 700 | 1 |
_aАстров _bМ.С. _f1882- _gМихаил Сергеевич |
|
| 702 | 1 |
_aШаргородский _bЛ.Я. _4340 |
|
| 702 | 1 |
_aБерлинер _bБ.И. _4340 |
|
| 702 | 1 |
_aСлоним _bМ. И. _f1875-1945 _gМоисей Ильич _3RU\NLR\AUTH\770267751 _4340 |
|
| 801 | 0 |
_aRU _bNLR _gpsbo |
|
| 801 | 1 |
_aRU _bELAR _2rusmarc |
|
| 852 |
_aNLR _jМд40 Г-4/47 |
||
| 942 | _cBOOK | ||
| 945 | _aРоссийская национальная библиотека | ||
| 980 | _aNB | ||
| 980 | _aBV | ||